000 00958nam a2200241Ia 4500
003 OSt
005 20221005113247.0
006 a|||||r|||| 00| 0
007 ta
008 221004b |||||||| |||| 00| 0 pan d
020 _a813020245X (hbk)
_c550
024 _a105350
037 _b515, 02/02/2011, H.K. Prakashan
_cTextual
040 _aCRL
_cCRL
_bpan
041 _2pan
_apan
082 _aQ8441:21k, 153Q0.1(RR)
100 _aਨਰੋਤਮ ਸਿੰਘ, ਤਾਰਾl ਹਰਭਜਨ ਸਿੰਘ, ਥਦ।
_9624493
245 0 _aਗੁਰੂ ਗਿਰਾਰਥ ਦੋ
260 _aਪਟਿਆਲਾ
_bਪੰਜਾਬੀ ਯਸ਼ਨੀਵਰਸਿਟੀ ਭਾਰਤ
_c2010
490 _vਪਹਿਲੀ ਜਿਲਦ
942 _hQ8441:21k, 153Q0.1(RR)
_cTEXL
_2cc
999 _c1027583
_d1027583